| 000 | 01131cam a2200301 a 4500 | ||
|---|---|---|---|
| 999 |
_c6888 _d6888 |
||
| 001 | 3096153 | ||
| 003 | OSt | ||
| 005 | 20210426162327.0 | ||
| 008 | 980622s1998 enka b 001 0 eng | ||
| 010 | _a 98162877 | ||
| 020 | _a0412434504 | ||
| 040 | _cDDC | ||
| 050 | 0 | 0 |
_aQE720 _b.B74 1998 |
| 082 | 0 | 0 | _a560BRE 1998 |
| 100 | 1 |
_aBrenchley, P. J. _914132 |
|
| 245 | 1 | 0 |
_aPalaeoecology : _becosystems, environments, and evolution / _cPatrick J. Brenchley and David A.T. Harper. |
| 250 | _a1st ed. | ||
| 260 |
_aLondon ; _aNew York : _bChapman & Hall, _c1998. |
||
| 300 |
_axxv, 402 p. : _bill. ; _c25 cm. |
||
| 504 | _aIncludes bibliographical references and index. | ||
| 650 | 0 |
_aPaleoecology. _914133 |
|
| 700 | 1 |
_aHarper, D. A. T. _914134 |
|
| 856 | 4 | 2 |
_3Publisher description _uhttp://www.loc.gov/catdir/enhancements/fy0648/98162877-d.html |
| 856 | 4 | 1 |
_3Table of contents only _uhttp://www.loc.gov/catdir/enhancements/fy1305/98162877-t.html |
| 906 |
_a7 _bcbc _corignew _d2 _encip _f19 _gy-gencatlg |
||
| 942 |
_2ddc _cO_SHELF |
||